000 00698nam a2200205Ii 4500
003 JO-AjNU
008 230605s9999||||xx |||||||||||||| ||und||
040 _aJO-AjNU
_bara
_erda
_cJO-AjNU
041 _aara
050 1 4 _aPJ8190.2.M8352 1987
100 3 _aعليان،محمد شحادة,
_eauthor
_917238
245 0 0 _aالجانب الإجتماعي في الشعر الفلسطيني الحديث
250 _aط1
264 3 1 _aعمان: دار الفكر، 1987
300 _a487ص
336 _atext
_btxt
_2rdacontent
337 _aunmediated
_bn
_2rdamedia
338 _avolume
_bnc
_2rdacarrier
650 4 _aالشعر العربي - فلسطين - الجانب الإجتماعي
_917239
999 _aA5283
_c8851
_d8851